00872nam a22002537a 45000010005000000030006000050050017000110080041000280200015000690400029000840500016001130820008001291000018001372450042001552500041001972600029002383000023002675050007002905200222002975210018005195210018005376500030005556500033005857912FISKH20250813124721.0250813b cb ||||| |||| 00| 0 eng d a0216912849 aFISKHbengcFISKHdFISKH aPZ7.H1263 L a823 aHaigh, Sheila aThe little gymnast /cBy Sheila Haigh aThis edition first published in 1982 aLondon :bBlackie,c1982 a102 pages :c21 cm aT  aWith a lot of work and determination, Anda becomes the best gymnast in her class but family money is tight and she must win the regional championship and the accompanying scholarship or give up gymnastics completely. 8 a800 bLexile 8 aT bRaz-Plus  2Realistic fictionaSports 2Children'saRead and Donated